Sons de l'album Dire je t'aime - Ben PLG - Statistiques

Statistiques générales
  • Ce quiz a été pris 39 fois
  • Le résultat moyen est 11 sur 15
Statistiques - réponses
Hint Réponse % Correct
5. Dire je t'aime
100%
15. Faut pas oublier de dire je t'aime
92%
2. Prochaine Fois
84%
3. feat. Niro & Sofiane Pamart 10h du mat'
80%
7. feat. Georgio Colorier des HLM
80%
9. Les mégots dans le bac à sable
80%
1. Silhouette des ombres
80%
8. Faire un album à Marseille
76%
12. feat. BB Jacques Etoiles et Satellites
64%
11. Le goût du sel
64%
14. feat. Loud Par la fenêtre
64%
6. Guerre de pissenlits
52%
4. On a pris l'habitude
52%
10 Plus peur du monde
52%
13. Tu parles d'une blague
48%
Aucun quiz correspondant
Distribution des résultats
% des personnes avec chaque résultat
Percentile par nombre de réponses
Votre historique - résultats
Vous n’avez pas pris ce quiz